Dopady globálnej krízy na sociálnu situáciu domácností SR

Príspevok sa zameriava na analýzu vybraných sociálno-ekonomických dopadov krízy na slovenské domácnosti v období rokov 2008 až 2012. Dopady krízy na trh práce, nezamestnanosť, miera nezamestnanosti. Sociálna situácia domácností v období krízy, riziko chudoby, čisté peňažné príjmy a výdavky domácnost...

Descrizione completa

Salvato in:
Dettagli Bibliografici
Autore principale: Šipikalová, Silvia, 1979-
Natura: Capitolo di libro
Lingua:slovacco
Soggetti:
Tags: Aggiungi Tag
Nessun Tag, puoi essere il primo ad aggiungerne!!

MARC

LEADER 00000nla a2200000 4500
001 0179671
005 20240502073043.9
041 0 |a slo 
044 |a SK 
245 1 0 |a Dopady globálnej krízy na sociálnu situáciu domácností SR  |c Silvia Šipikalová 
520 |a Príspevok sa zameriava na analýzu vybraných sociálno-ekonomických dopadov krízy na slovenské domácnosti v období rokov 2008 až 2012. Dopady krízy na trh práce, nezamestnanosť, miera nezamestnanosti. Sociálna situácia domácností v období krízy, riziko chudoby, čisté peňažné príjmy a výdavky domácností. 
610 2 0 |a situácia hospodárska 
610 2 0 |a situácia sociálna 
610 2 0 |a Slovensko 
610 2 0 |a nezamestnanosť 
610 2 0 |a chudoba 
610 2 0 |a príjmy obyvateľstva 
610 2 0 |a výdavky obyvateľstva 
610 2 0 |a kríza 
100 1 |a Šipikalová, Silvia, 1979-